Nations in the 1960 Winter Olympics - Statistics

General Stats
  • This quiz has been taken 31 times
  • The average score is 29 of 30
Answer Stats
Hint Answer % Correct
Oceania Australia
100%
Europe Austria
100%
America Canada
100%
Europe Denmark
100%
Europe Finland
100%
Europe France
100%
Europe Italy
100%
Asia Japan
100%
Oceania New Zealand
100%
Europe Norway
100%
Europe Soviet Union
100%
Europe Spain
100%
Europe Sweden
100%
Europe Switzerland
100%
America United States
100%
Europe United Team of Germany
100%
America Argentina
95%
Europe Bulgaria
95%
Europe Great Britain
95%
Europe Hungary
95%
Europe Iceland
95%
Europe Netherlands
95%
Europe Poland
95%
Africa South Africa
95%
Asia South Korea
95%
America Chile
90%
Europe Czechoslovakia
86%
Asia Turkey
86%
Europe Liechtenstein
81%
Asia Lebanon
67%
No matching quizzes found
Score Distribution
Percent of People with Each Score
Percentile by Number Answered
Your Score History
You have not taken this quiz